[Event "18th ch-EUR Indiv 2017"]
[Site "Minsk BLR"]
[Date "2017.06.06"]
[Round "7.41"]
[White "Danin,A"]
[Black "Oleksiyenko,Mykhaylo"]
[Result "1-0"]
[WhiteElo "2543"]
[BlackElo "2636"]

1.e4 c6 2.d4 d5 3.exd5 cxd5 4.c4 Nf6 5.Nc3 Nc6 6.Nf3 g6 7.cxd5 Nxd5 8.Qb3 e6
9.Bb5 Bg7 10.O-O O-O 11.Bxc6 bxc6 12.Na4 Ba6 13.Re1 Nb6 14.Nc5 Bc4 15.Qc3 Bd5
16.Ne5 f6 17.Ned3 e5 18.dxe5 fxe5 19.Ne4 Qh4 20.f3 h6 21.Be3 g5 22.Bf2 Qh5
23.h3 Nd7 24.Rad1 a5 25.b3 Qg6 26.Bg3 Rfe8 27.Qd2 Kh8 28.Ndf2 Nf8 29.Nc3 Bg8
30.Ng4 Qf5 31.Ne3 Qf6 32.Ne4 Qe6 33.Nc5 Qe7 34.Ne4 Bh7 35.Kh1 Qb4 36.Nd6 Re6
37.Nef5 Qxd2 38.Rxd2 Bxf5 39.Nxf5 Ng6 40.Rd7 Bf8 41.Nd4 Rf6 42.Bxe5 Nxe5
43.Rxe5 c5 44.Re6 Ra6 45.Rxa6 Rxa6 46.Nf5 a4 47.Kh2 Rf6 48.Ne3 axb3 49.axb3
Bd6+ 50.Kg1 Bg3 51.Kf1 Re6 52.Ke2 Bf4 53.Rd3 Kg7 54.Kf2 Bxe3+ 55.Rxe3 Ra6
56.Rc3 Ra3 57.Kg3 c4 58.Rxc4 Rxb3 59.h4 Rb2 60.Kh3 Rf2 61.Rc7+ Kf6 62.h5 Rf1
63.Kg4 Ra1 64.Rh7 Ra4+ 65.Kg3 Rh4 66.Rxh6+ Kf7 67.Kf2 g4 68.f4 {#r} 1-0

[Event "12th Teplice Open 2017"]
[Site "Teplice CZE"]
[Date "2017.06.10"]
[Round "1.13"]
[White "Chmelik,J"]
[Black "Cernousek,L"]
[Result "0-1"]
[WhiteElo "2006"]
[BlackElo "2464"]

1.d4 Nf6 2.c4 c5 3.e3 cxd4 4.exd4 d5 5.Nf3 Nc6 6.Nc3 Bg4 7.Be3 e6 8.Qb3 Bxf3
9.gxf3 Qd7 10.cxd5 Nxd5 11.Be2 Be7 12.O-O O-O 13.Rfd1 Rfd8 14.Rd2 Rac8 15.Qd1
Qc7 16.Nxd5 exd5 17.Rc2 Rd6 18.Bd3 Qd7 19.Bf4 Rf6 20.Bg5 Re6 21.Bf4 Bd6 22.Bg3
Rh6 23.Bf1 f5 24.Be5 Bxe5 25.dxe5 f4 26.Rc5 Rd8 27.Qd2 Nxe5 28.Qxf4 Qd6 {#R}
0-1

[Event "CHN Team Women 2017"]
[Site "Beijing CHN"]
[Date "2017.06.11"]
[Round "6.1"]
[White "Ni,Shiqun"]
[Black "Zhao Xue"]
[Result "0-1"]
[WhiteElo "2436"]
[BlackElo "2490"]
[EventType "team"]

1.e4 c6 2.d4 d5 3.exd5 cxd5 4.Bd3 Nc6 5.c3 Nf6 6.Bf4 Bg4 7.Qb3 Qd7 8.Nd2 e6
9.Ngf3 Bxf3 10.Nxf3 Bd6 11.Bxd6 Qxd6 12.O-O Qc7 13.Rfe1 O-O-O 14.Qa4 Kb8 15.b4
Ne8 16.Qb3 Nd6 17.a4 Rc8 18.a5 h6 19.Reb1 g5 20.Qa3 g4 21.Nd2 Ne7 22.b5 Ndf5
23.Rc1 Qd6 24.Qxd6+ Nxd6 25.Nb3 b6 26.Ra3 Rc7 27.axb6 axb6 28.Rca1 Nec8 29.Nc1
Ra7 30.Kf1 Kb7 31.Ke2 Rg8 32.Ke3 Rg5 33.Ne2 Rxa3 34.Rxa3 Nc4+ 35.Bxc4 dxc4
36.Ra4 Nd6 37.Rb4 Kc7 38.Ng3 Rxb5 39.Rxb5 Nxb5 40.Kd2 f5 41.f3 gxf3 42.gxf3
Kd6 43.Ne2 Nc7 44.Nf4 e5 45.dxe5+ Kxe5 46.Ng6+ Kd6 47.Ke3 b5 48.Nh4 Nd5+
49.Kd4 Ne7 50.f4 Nc6+ 51.Ke3 Ke6 52.Kd2 Na5 53.Ke2 Nc6 54.Kd2 Ne7 55.Ke3 Kd5
56.Nf3 Kc5 57.Kd2 h5 58.Nh4 b4 59.cxb4+ Kxb4 60.Kc2 c3 61.Nf3 Nc6 62.Ne5 Nd4+
63.Kd3 Nb5 64.Nc6+ Kb3 65.Na5+ Ka3 66.h4 Kb4 67.Nc6+ Kb3 68.Na5+ Ka3 69.Nc4+
Kb4 70.Ne3 Kb3 71.Nc2 Kb2 72.Ne3 Kb3 73.Nc2 Nc7 74.Ne3 Ne6 {#R} 0-1

[Event "9th Capo d'Orso Open 2017"]
[Site "Porto Mannu Palau ITA"]
[Date "2017.06.07"]
[Round "6.9"]
[White "Beccaris,G"]
[Black "Heinig,Wo"]
[Result "0-1"]
[WhiteElo "2025"]
[BlackElo "2309"]

1.e4 c6 2.d4 d5 3.exd5 cxd5 4.c4 Nf6 5.Nc3 e6 6.Nf3 Be7 7.Bd3 dxc4 8.Bxc4 O-O
9.O-O Nc6 10.Bg5 a6 11.a4 Bd7 12.Qd2 Rc8 13.d5 Na5 14.Ba2 h6 15.dxe6 Bxe6
16.Bxe6 fxe6 17.Bh4 Qxd2 18.Nxd2 Nc4 19.Nxc4 Rxc4 20.Bg3 Rd8 21.Rfd1 Kf7
22.Kf1 Nd5 23.Nxd5 Rxd5 24.Rxd5 exd5 25.b3 Rc3 26.Rb1 Bf6 27.Ke2 Ke6 28.Kd2 d4
29.a5 Kd5 30.b4 Kc4 31.Bd6 d3 32.Ke3 Bd4+ 33.Ke4 Bxf2 34.b5 Rc2 35.bxa6 bxa6
36.Rb8 d2 37.Rc8+ Kb3 {#R} 0-1

[Event "39th Nezhmetdinov Mem"]
[Site "Kazan RUS"]
[Date "2017.06.06"]
[Round "7.6"]
[White "Pridorozhni,A"]
[Black "Grishchenko,S1"]
[Result "1-0"]
[WhiteElo "2540"]
[BlackElo "2447"]

1.e4 c6 2.Nc3 d5 3.d4 dxe4 4.Nxe4 Nf6 5.Nxf6+ gxf6 6.c3 Bf5 7.Nf3 Nd7 8.Bf4
Qb6 9.Bd3 Bg6 10.O-O O-O-O 11.Bg3 e5 12.Re1 Qxb2 13.Rb1 Qa3 14.Rb3 Qxa2 15.Rb1
Bc5 16.Ra1 Qb2 17.Re2 Qxc3 18.Bxg6 hxg6 19.Rc2 Qb4 20.dxc5 Nxc5 21.Qe2 Rd5
22.h3 a5 23.Nd2 b5 24.Nf1 Kb7 25.Qf3 Nd7 26.Ne3 Rd6 27.Rcc1 Nc5 28.Rab1 Nb3
29.Bxe5 Nd2 30.Qd1 Nxb1 31.Bxd6 Nc3 32.Bxb4 Nxd1 33.Bxa5 Nxe3 34.fxe3 Re8
35.Kf2 Re4 36.g4 b4 37.Kf3 f5 38.gxf5 gxf5 39.Bd8 b3 40.h4 Kc8 41.Bf6 Kd7
42.h5 b2 43.Rb1 Ke6 44.Bg7 {#r} 1-0

[Event "10th Mayors Cup Open 2017"]
[Site "Mumbai IND"]
[Date "2017.06.10"]
[Round "9.6"]
[White "Hossain,Enam"]
[Black "Deviatkin,A"]
[Result "0-1"]
[WhiteElo "2452"]
[BlackElo "2481"]

1.e4 c6 2.d4 d5 3.Nc3 dxe4 4.Nxe4 Nd7 5.Nf3 Ngf6 6.Ng3 e6 7.Bd3 c5 8.O-O Be7
9.c4 O-O 10.b3 b6 11.Bb2 Bb7 12.Bc2 Re8 13.Qe2 Qc7 14.Rad1 Rad8 15.Rfe1 cxd4
16.Nxd4 Nf8 17.Ne4 a6 18.Nf3 Nxe4 19.Bxe4 Bb4 20.Rf1 f6 21.h4 e5 22.a3 Be7
23.g3 Ne6 24.Bd5 Bxd5 25.cxd5 Nc5 26.b4 Na4 27.h5 b5 28.Ba1 Qc4 29.Qe3 Rxd5
30.Rxd5 Qxd5 31.Nh4 Qe6 32.Qe4 Bf8 33.Nf5 Nb6 34.Rd1 Qc4 35.Qf3 Kh8 36.h6 gxh6
37.Nd6 Bxd6 38.Qxf6+ Kg8 39.Qxd6 Qe6 40.Qc7 Nc4 41.a4 h5 42.axb5 axb5 43.Qb7
h4 44.Rd7 Nd6 45.Qc7 hxg3 46.Rg7+ Kf8 47.Rxg3 Nf7 48.Bc3 Rc8 49.Qa7 Qd5 50.Qe3
Rc6 51.Rf3 Rg6+ 52.Kh2 Kg8 53.Rg3 Rxg3 54.Qxg3+ Kf8 55.Qh3 Qc4 56.Bd2 Qe4
57.Be3 Kg7 58.Qg3+ Kf6 59.Qg8 Qxb4 60.Qxh7 Qg4 61.Qc2 Qc4 62.Qd1 b4 63.Qf3+
Ke6 64.Qb7 b3 65.Qb6+ Kf5 66.Qb7 Kf6 67.Qf3+ Ke6 68.Qb7 Nd6 69.Qb8 Qc3 70.Qg8+
Kd7 71.Qh7+ Kc6 72.Qg8 b2 73.Qa8+ Kd7 74.Qa7+ Ke6 75.Qa2+ Kf6 76.Qd5 Qb4 77.f4
b1=Q 78.fxe5+ Ke7 79.Bg5+ Kd7 {#R} 0-1

[Event "12th American Continental"]
[Site "Medellin COL"]
[Date "2017.06.11"]
[Round "3.18"]
[White "Mosquera,M"]
[Black "Erenburg,S"]
[Result "0-1"]
[WhiteElo "2391"]
[BlackElo "2550"]

1.e4 c6 2.d4 d5 3.Nc3 dxe4 4.Nxe4 Bf5 5.Ng3 Bg6 6.h4 h6 7.Nf3 Nd7 8.h5 Bh7
9.Bd3 Bxd3 10.Qxd3 e6 11.Bd2 Ngf6 12.O-O-O Bd6 13.Ne4 Nxe4 14.Qxe4 Nf6 15.Qe2
Bc7 16.c4 b5 17.Kb1 bxc4 18.Qxc4 O-O 19.Qxc6 Rb8 20.Rc1 Nd5 21.Qc2 Rb5 22.g4
Qe7 23.Qd3 Rfb8 24.Rc2 Ba5 25.Rhc1 Qb7 26.Rc8+ Bd8 27.Rxb8 Rxb2+ 28.Ka1 Qxb8
29.Ne5 Bg5 30.Bxg5 Rxa2+ 31.Kxa2 Nb4+ 32.Ka3 Nxd3 33.Nxd3 Qd6+ 34.Nc5 hxg5
35.Rc4 Qd5 36.Kb4 Qf3 37.d5 exd5 38.Rd4 Qxf2 39.Kc3 f5 40.Nd3 Qf3 41.gxf5 a5
42.Ra4 Qxf5 43.Kd2 g4 44.Nf4 g3 45.Ke3 Qc2 46.Kd4 {#R} 0-1

[Event "9th Capo d'Orso Open 2017"]
[Site "Porto Mannu Palau ITA"]
[Date "2017.06.08"]
[Round "7.8"]
[White "De Rosa,M"]
[Black "Heinig,Wo"]
[Result "0-1"]
[WhiteElo "2150"]
[BlackElo "2309"]

1.e4 c6 2.d4 d5 3.Nc3 dxe4 4.Nxe4 Bf5 5.Ng3 Bg6 6.h4 h6 7.Nf3 Nd7 8.h5 Bh7
9.Bd3 Bxd3 10.Qxd3 e6 11.Bd2 Ngf6 12.O-O-O Be7 13.Ne4 Nxe4 14.Qxe4 Nf6 15.Qe2
Qd5 16.c4 Qe4 17.Qxe4 Nxe4 18.Be3 O-O 19.d5 cxd5 20.cxd5 Rac8+ 21.Kb1 Bc5
22.Bxc5 Rxc5 23.dxe6 fxe6 24.Rd7 Nxf2 25.Rc1 Ne4 26.Rxc5 Nxc5 27.Rc7 Rf5 28.b4
Ne4 29.Rxb7 a5 30.bxa5 Rxa5 31.Nd4 Rg5 32.Nxe6 Rxg2 33.Nf4 Nc3+ 34.Kc1 Nxa2+
35.Kd1 Nc3+ 36.Ke1 Rg5 37.Kd2 Ne4+ 38.Ke3 Nf6 39.Rb8+ Kh7 40.Ng6 Rxh5 41.Nf8+
Kg8 42.Ng6+ Kf7 43.Nh8+ Ke6 44.Rb6+ Kf5 45.Rb5+ Kg4 46.Rb4+ Kg3 47.Rb7 Re5+
48.Kd4 Re4+ 49.Kd3 Rg4 50.Nf7 h5 51.Ne5 Rg5 52.Nc4 h4 53.Ke2 Ng4 54.Kf1 Rf5+
55.Kg1 h3 56.Rb3+ Rf3 57.Rxf3+ Kxf3 58.Nd2+ Kg3 59.Nf1+ Kh4 60.Kh1 g5 61.Kg1
Ne5 62.Kh2 Nf3+ 63.Kh1 g4 64.Ne3 Nd2 65.Nf5+ Kg5 66.Ng3 Kf4 67.Ne2+ Ke3 68.Ng1
Nf1 69.Nxh3 gxh3 70.Kg1 Kf3 71.Kh1 Kg3 72.Kg1 Ne3 73.Kh1 Ng4 {#R} 0-1

[Event "FSIM June 2017"]
[Site "Budapest HUN"]
[Date "2017.06.10"]
[Round "8.5"]
[White "Klasan,V"]
[Black "Sahil,Tic"]
[Result "1-0"]
[WhiteElo "2381"]
[BlackElo "2229"]

1.e4 c6 2.d4 d5 3.Nc3 dxe4 4.Nxe4 Bf5 5.Ng3 Bg6 6.h4 h6 7.Nf3 e6 8.h5 Bh7
9.Bd3 Bxd3 10.Qxd3 Nf6 11.Bd2 Be7 12.O-O-O O-O 13.c4 b5 14.Kb1 bxc4 15.Qxc4
Nbd7 16.Qxc6 Nd5 17.Rc1 Rb8 18.Rc2 Rb6 19.Qa4 Rb7 20.Rhc1 Qb8 21.Ne4 Nf4
22.Ne5 Nb6 23.Qa6 Nfd5 24.Nc6 Qa8 25.a4 Nc8 26.a5 Bd6 27.Qd3 Rd7 28.g4 f5
29.gxf5 Rxf5 30.Ne5 Rc7 31.Nxd6 Rxc2 32.Nxf5 Rxc1+ 33.Bxc1 exf5 34.Qxf5 Nf6
35.Qe6+ Kh7 36.Nc6 Qb7 37.d5 Qd7 38.Qxd7 Nxd7 39.Be3 a6 40.Nb4 Nf6 41.Nxa6
Nxd5 42.Bd4 g6 43.hxg6+ Kxg6 44.Kc2 Kf5 45.Kd3 h5 46.Ke2 Ke4 47.Be3 Nxe3
48.fxe3 Kd5 49.Nb4+ Kc4 50.Nd3 Kb5 51.b4 h4 52.e4 h3 53.Kf3 Nd6 54.e5 Nf5
55.Kf2 Nd4 56.Kg3 Ne6 57.Kxh3 Nc7 58.Kg4 Kc4 59.Kf5 Kxd3 60.b5 Nxb5 61.e6 Nd6+
62.Ke5 Nc4+ 63.Kd5 Ne3+ 64.Kc6 Nf5 65.a6 Nd4+ 66.Kd7 {#r} 1-0

[Event "18th ch-EUR Indiv 2017"]
[Site "Minsk BLR"]
[Date "2017.06.06"]
[Round "7.43"]
[White "Kovalev,Vl"]
[Black "Blomqvist,E"]
[Result "0-1"]
[WhiteElo "2629"]
[BlackElo "2546"]

1.e4 c5 2.d3 d5 3.Be2 e6 4.f4 Nc6 5.Nf3 dxe4 6.dxe4 Qxd1+ 7.Bxd1 b6 8.Be3 Bb7
9.Nbd2 Nf6 10.c3 Bd6 11.h3 Bc7 12.Bc2 O-O-O 13.O-O-O Ne7 14.g3 h6 15.a3 Rhf8
16.Rhg1 Kb8 17.b4 Nd7 18.Kb2 f5 19.Rge1 g5 20.fxg5 fxe4 21.Ng1 Bxg3 22.gxh6
Bxe1 23.Rxe1 Ne5 24.Bg5 Rf2 25.Re2 Rxe2 26.Nxe2 Nf7 27.Bxe7 Rxd2 28.Ng3 e3
29.Kc1 Rh2 30.h7 e2 31.Nxe2 Rxe2 32.Bg6 Be4 33.Bxf7 Bxh7 34.bxc5 b5 35.Be8 Be4
36.Bxb5 Rc2+ 37.Kd1 Rxc3 38.c6 Kc7 39.Bb4 Rxh3 40.Ba5+ Kd6 41.Bb4+ Ke5 42.Kd2
Rh7 43.Ke3 Kd5 44.Ba4 Bf5 45.Kf4 Rg7 46.Bb5 Bc2 47.Bc3 e5+ 48.Ke3 Bf5 49.Ba6
Rg3+ 50.Kd2 Rg2+ 51.Kd1 Rc2 52.Bd2 Kxc6 53.a4 Ra2 54.Bb5+ Kd5 55.Kc1 Kd4
56.Bg5 Kc3 {#R} 0-1

[Event "10th Mayors Cup Open 2017"]
[Site "Mumbai IND"]
[Date "2017.06.09"]
[Round "8.38"]
[White "Isha,Sharma"]
[Black "Tarini,Goyal"]
[Result "0-1"]
[WhiteElo "2084"]
[BlackElo "2084"]

1.e4 c5 2.d3 Nc6 3.g3 g6 4.Bg2 Bg7 5.Nc3 e6 6.Be3 b6 7.f4 Nge7 8.Nf3 O-O 9.O-O
d5 10.Bf2 dxe4 11.dxe4 e5 12.Qe2 Bg4 13.Rad1 Nd4 14.Bxd4 exd4 15.h3 Qc8
16.hxg4 dxc3 17.Nh2 Bd4+ 18.Kh1 cxb2 19.e5 b5 20.Qxb5 Rb8 21.Qe2 Qe6 22.c4 Rb4
23.Be4 Qxc4 24.Qg2 Rfb8 25.Bb1 Nd5 26.Rfe1 Ne3 27.Rxe3 Bxe3 28.f5 Qc1 29.Rf1
Rf8 30.Qd5 Qd2 31.Qf3 Rb6 32.Rd1 Qc1 33.Nf1 Bd4 34.Nd2 c4 35.Qe2 Bxe5 36.Nxc4
Rb5 37.Kg2 Qc3 38.Ne3 Qc6+ 39.Kh3 Rc5 40.Nc2 Re8 41.Re1 Rc3 42.Qe4 Rxg3+ {#R}
0-1

[Event "44th OKU 2017"]
[Site "Utrecht NED"]
[Date "2017.06.11"]
[Round "6.6"]
[White "Van Kerkhof,D"]
[Black "Tiggelman,R"]
[Result "1-0"]
[WhiteElo "2331"]
[BlackElo "2236"]

1.e4 c5 2.d4 cxd4 3.c3 d5 4.exd5 Qxd5 5.Nf3 Nc6 6.cxd4 e5 7.Nc3 Bb4 8.Bd2 Bxc3
9.Bxc3 e4 10.Ne5 Nxe5 11.dxe5 Be6 12.Qa4+ Bd7 13.Bc4 Qc6 14.Qb3 Be6 15.Bxe6
fxe6 16.O-O-O Kf7 17.Rd6 Qc8 18.Re1 Ne7 19.Rxe4 Nf5 20.Rc4 Nxd6 21.Rxc8 Nxc8
22.Qxb7+ Ne7 23.Bb4 Rhe8 24.Bd6 {#r} 1-0

[Event "12th American Continental"]
[Site "Medellin COL"]
[Date "2017.06.10"]
[Round "1.27"]
[White "Cuartas,Ja"]
[Black "Zapata Hincapie,J"]
[Result "1-0"]
[WhiteElo "2492"]
[BlackElo "2055"]

1.e4 c5 2.d4 cxd4 3.c3 Nf6 4.e5 Nd5 5.Nf3 e6 6.cxd4 Nc6 7.Bc4 d6 8.O-O Be7
9.Qe2 O-O 10.Nc3 Nxc3 11.bxc3 dxe5 12.dxe5 Qc7 13.Qe4 b6 14.Bg5 Bb7 15.Bd3 g6
16.Qh4 Rfd8 17.Be4 h5 18.Bf6 Bxf6 19.exf6 Na5 20.Bxb7 Nxb7 21.Qg5 Qc5 22.Ne5
Rd5 23.Rae1 b5 24.Qg3 h4 25.Qxh4 Nd6 26.Nxg6 fxg6 27.Qh6 {#r} 1-0

[Event "8th Dolomiti Open 2017"]
[Site "Forni di Sopra ITA"]
[Date "2017.06.10"]
[Round "1.8"]
[White "Uhl,M"]
[Black "Bruno,Fabi"]
[Result "0-1"]
[WhiteElo "2141"]
[BlackElo "2427"]

1.e4 c5 2.c3 Nf6 3.e5 Nd5 4.d4 cxd4 5.cxd4 e6 6.Nf3 d6 7.a3 Bd7 8.Bd3 Bc6
9.O-O Nd7 10.Re1 Rc8 11.Bd2 Be7 12.exd6 Bxd6 13.Nc3 Nxc3 14.bxc3 Bd5 15.Ng5
Nf6 16.Qe2 h6 17.Bb5+ Bc6 18.Bxc6+ Rxc6 19.Ne4 O-O 20.Qf3 Nd5 21.Qd3 Be7 22.c4
Nb6 23.Ba5 Qd7 24.Bxb6 Rxb6 25.Red1 Rd8 26.Qf3 Qa4 27.Nc5 Qxc4 28.Nxb7 Rxd4
29.Rac1 Rxd1+ 30.Rxd1 Qc2 31.Nd8 Rb1 {#R} 0-1

[Event "FSGM June 2017"]
[Site "Budapest HUN"]
[Date "2017.06.11"]
[Round "9.2"]
[White "Manca,F"]
[Black "Li Bo"]
[Result "1-0"]
[WhiteElo "2397"]
[BlackElo "2383"]

1.e4 c5 2.c3 Nf6 3.e5 Nd5 4.d4 cxd4 5.Nf3 Nc6 6.Bc4 Nb6 7.Bb3 d5 8.exd6 Qxd6
9.O-O Be6 10.Na3 Bxb3 11.Qxb3 Qd5 12.Nb5 Rc8 13.Nfxd4 Nxd4 14.Nxd4 e6 15.Rd1
Qxb3 16.axb3 a6 17.b4 Nd5 18.b5 Nc7 19.Bf4 Nxb5 20.Nxb5 axb5 21.Ra7 b6 22.Rdd7
b4 23.Rxf7 bxc3 24.bxc3 Rxc3 25.Rfb7 Rc8 26.Rxb6 Bc5 27.Rxe6+ Kf8 28.Rd7 h5
29.h4 Kg8 30.Rg6 Bf8 31.g3 Rh7 32.Rg5 Rc6 33.Rd8 Kf7 34.Rb5 Re6 35.Rb7+ Re7
36.Rxf8+ Kxf8 37.Bd6 g6 38.Rb8+ Kf7 39.Bxe7 Kxe7 40.Rb7+ {#r} 1-0

[Event "FSIM June 2017"]
[Site "Budapest HUN"]
[Date "2017.06.08"]
[Round "6.4"]
[White "Lyell,M"]
[Black "Sahil,Tic"]
[Result "1-0"]
[WhiteElo "2270"]
[BlackElo "2229"]

1.e4 c5 2.c3 d5 3.exd5 Nf6 4.d4 Nxd5 5.Bc4 e6 6.Nf3 Nc6 7.O-O Nb6 8.Bb3 Be7
9.Be3 cxd4 10.cxd4 O-O 11.Nc3 Nb4 12.Ne5 N4d5 13.Qf3 Rb8 14.Rac1 Nxc3 15.bxc3
Nd7 16.Qg3 Kh8 17.f4 Nxe5 18.fxe5 b5 19.Bc2 Rb7 20.Qh3 g6 21.Bh6 Bg5 22.Bxg6
fxg6 23.Rxf8+ Qxf8 24.Bxf8 Bxc1 25.Bh6 Bxh6 26.Qxh6 Kg8 27.Qg5 Kf7 28.Qf6+ Ke8
29.Qh8+ Kd7 30.Qxh7+ Kc6 31.Qxg6 Rc7 32.h4 Kd7 33.h5 {#r} 1-0

[Event "FSIM June 2017"]
[Site "Budapest HUN"]
[Date "2017.06.10"]
[Round "8.3"]
[White "Lyell,M"]
[Black "Paramzina,A"]
[Result "0-1"]
[WhiteElo "2270"]
[BlackElo "2192"]

1.e4 c5 2.c3 Nf6 3.e5 Nd5 4.Bc4 Nb6 5.Bb3 d5 6.exd6 Qxd6 7.Nf3 Be6 8.O-O Nc6
9.Na3 Bxb3 10.axb3 Qd3 11.Re1 e6 12.Ne5 Nxe5 13.Rxe5 Nd5 14.Qf1 Qxf1+ 15.Kxf1
Bd6 16.Re4 a6 17.Nc4 Bc7 18.d3 O-O 19.Be3 b6 20.h3 e5 21.Bd2 f6 22.Ke1 Rfd8
23.Kd1 b5 24.Na5 Bb6 25.Kc2 Rd7 26.g4 Kf7 27.f3 Re8 28.c4 Ne7 29.b4 Red8
30.Ra3 Bxa5 31.Rxa5 Rxd3 32.Be3 Nc6 33.cxb5 Nxb4+ 34.Kb1 Rxe3 {#R} 0-1

[Event "CHN Team Women 2017"]
[Site "Beijing CHN"]
[Date "2017.06.10"]
[Round "5.3"]
[White "Sun,F"]
[Black "Yang,Yijing"]
[Result "1-0"]
[WhiteElo "2056"]
[BlackElo "2014"]
[EventType "team"]

1.e4 c5 2.c3 d5 3.exd5 Qxd5 4.d4 Nc6 5.Nf3 Bg4 6.Be2 e6 7.O-O Nf6 8.Be3 cxd4
9.cxd4 Be7 10.Nc3 Qd7 11.h3 Bxf3 12.Bxf3 Rd8 13.Qe2 O-O 14.Rfd1 Nb4 15.d5
Nbxd5 16.Nxd5 Nxd5 17.Bxa7 Bf6 18.Bb6 Rc8 19.Bd4 Bxd4 20.Rxd4 Rc6 21.Rad1 Rd6
22.Qe5 Rd8 23.Be4 g6 24.h4 f5 25.Bf3 Qg7 26.Qe1 h5 27.g3 Qf7 28.R1d2 Kf8
29.Qc1 Rc6 30.Rc2 Rdc8 31.Qh6+ Kg8 32.Rcd2 Rd8 33.Qg5 Rcd6 34.Bxh5 Nf4
35.Qxd8+ Rxd8 36.Rxd8+ Kg7 37.R2d7 {#r} 1-0

[Event "44th OKU 2017"]
[Site "Utrecht NED"]
[Date "2017.06.10"]
[Round "2.6"]
[White "Van Overdam,Jul"]
[Black "Dijkhuis,Oele"]
[Result "1-0"]
[WhiteElo "2360"]
[BlackElo "2054"]

1.e4 c5 2.Nc3 a6 3.f4 b5 4.g3 Bb7 5.Bg2 e6 6.d3 d5 7.Qe2 d4 8.e5 Bxg2 9.Qxg2
Nd7 10.Ne4 h5 11.Nf3 Nh6 12.h3 Rc8 13.g4 Nb6 14.O-O Nd5 15.Nfg5 Qd7 16.f5 hxg4
17.fxe6 fxe6 18.hxg4 Be7 19.Bd2 Qc6 20.Rae1 Bxg5 21.Bxg5 Rc7 22.Nd6+ Kd7
23.Re4 Qb6 24.Bd2 Kc6 25.g5 Nf5 26.Nxf5 exf5 27.Rxf5 g6 28.Rf6+ {#r} 1-0

[Event "9th Capo d'Orso Open 2017"]
[Site "Porto Mannu Palau ITA"]
[Date "2017.06.07"]
[Round "6.11"]
[White "Calavalle,G"]
[Black "Yugina,M"]
[Result "1-0"]
[WhiteElo "2253"]
[BlackElo "2050"]

1.e4 c5 2.Nc3 Nc6 3.Bc4 g6 4.d3 Bg7 5.Nge2 e6 6.a3 Nge7 7.Bg5 h6 8.Bh4 O-O
9.f4 d6 10.O-O Qd7 11.Ba2 b6 12.Qd2 Kh7 13.Bf2 Ba6 14.Ng3 Nd4 15.Nd1 d5 16.c3
Ndc6 17.e5 d4 18.c4 Bb7 19.Ne4 Rad8 20.Bh4 Rb8 21.Bf6 Ng8 22.Qe1 Nce7 23.Bxg7
Kxg7 24.b4 Rfc8 25.Nd6 Rf8 26.Nxb7 Rxb7 27.Bb3 h5 28.Nf2 f5 29.Bd1 Nc6 30.Bf3
Rc7 31.b5 Nd8 32.a4 Ne7 33.a5 Nc8 34.Nh3 Qe7 35.Qg3 h4 36.Qf2 Nf7 37.Qd2 Rd8
38.Kf2 Kf8 39.Rg1 Nh6 40.Ng5 Nf7 41.Nh7+ Kg7 42.Nf6 Rh8 43.g3 hxg3+ 44.hxg3
bxa5 45.Rh1 Rh6 46.Rxh6 Nxh6 47.Rh1 Qd8 48.Ke1 Ng8 49.Rh7+ Kf8 50.Rh8 Rg7
51.Bc6 Ne7 52.Bd7 Qb6 53.Qg2 Qd8 54.Bxe6 a4 55.Kd1 a3 56.Kc1 a2 57.Qxa2 Qa8
58.b6 Qf3 59.bxa7 Qf1+ 60.Kb2 Qg2+ 61.Ka1 Qa8 62.Nd7+ Ke8 63.Nb6 {#r} 1-0

[Event "12th American Continental"]
[Site "Medellin COL"]
[Date "2017.06.11"]
[Round "2.40"]
[White "Panesso Rivera,H"]
[Black "Castaneda,Jorge Luis"]
[Result "1-0"]
[WhiteElo "2421"]
[BlackElo "2155"]

1.Nf3 g6 2.e4 c5 3.c3 d5 4.e5 Nc6 5.d4 Bg4 6.Bb5 Qb6 7.Bxc6+ Qxc6 8.O-O e6
9.h3 Bf5 10.Bg5 c4 11.Bf6 Nxf6 12.exf6 Bd6 13.Na3 h6 14.Nc2 Bxc2 15.Qxc2 O-O-O
16.Qe2 Kb8 17.Rfc1 Qc7 18.b3 Rc8 19.Ne5 Bxe5 20.dxe5 Rhd8 21.Qe3 h5 22.b4 Qb6
23.Rd1 d4 24.Rxd4 Rxd4 25.Qxd4 Qxd4 26.cxd4 Kc7 27.Rc1 b5 28.f4 Kc6 29.Kf2 a5
30.bxa5 Kd5 31.Rb1 Kxd4 32.Ke2 c3 33.Rd1+ Ke4 34.a6 Rc7 35.Rb1 Kxf4 36.Rb4+
Kf5 37.Kd1 Ra7 38.g4+ hxg4 39.hxg4+ Kg5 40.a4 bxa4 41.Rxa4 {#r} 1-0

[Event "18th ch-EUR Indiv 2017"]
[Site "Minsk BLR"]
[Date "2017.06.06"]
[Round "7.76"]
[White "Klekowski,M"]
[Black "Gabuzyan,H"]
[Result "0-1"]
[WhiteElo "2473"]
[BlackElo "2570"]

1.e4 c5 2.Nf3 a6 3.c4 d6 4.d4 cxd4 5.Nxd4 Nf6 6.Nc3 e6 7.Be2 Be7 8.O-O Nbd7
9.Be3 O-O 10.Rc1 Qc7 11.g4 Nc5 12.f3 h6 13.b4 Ncd7 14.f4 Nh7 15.Qd2 b6 16.a3
Bb7 17.f5 e5 18.Nd5 Qd8 19.f6 Ndxf6 20.Nf5 Nxd5 21.exd5 Bg5 22.Rc3 Bc8 23.Kg2
Bxe3 24.Qxe3 a5 25.b5 Ra7 26.Bd3 Bxf5 27.Rxf5 g6 28.Rf1 Qg5 29.Qxg5 hxg5
30.Rc2 Re7 31.Rcf2 Kg7 32.Be4 Rc8 33.Bd3 Rcc7 34.Kg3 e4 35.Be2 Re5 36.h3 f6
37.h4 e3 38.Rh2 gxh4+ 39.Rxh4 Rce7 40.Rfh1 Ng5 41.Rh6 Re4 42.Rh8 Re8 43.Rxe8
Rxe8 44.Bd3 e2 45.Kf2 Nh3+ {#R} 0-1

[Event "12th American Continental"]
[Site "Medellin COL"]
[Date "2017.06.11"]
[Round "2.3"]
[White "Echavarria,J"]
[Black "Cordova,E"]
[Result "0-1"]
[WhiteElo "2309"]
[BlackElo "2651"]

1.e4 c5 2.Nf3 a6 3.c4 e6 4.Nc3 Qc7 5.Be2 b6 6.O-O Bb7 7.d4 cxd4 8.Nxd4 Nf6
9.f3 Bd6 10.Kh1 Be7 11.Be3 d6 12.Qd2 Nbd7 13.Rfc1 O-O 14.b4 Rac8 15.a3 Rfe8
16.Nb3 Qb8 17.Rab1 Rcd8 18.Bf1 Ba8 19.Qf2 d5 20.exd5 exd5 21.c5 Ne5 22.cxb6
Neg4 23.fxg4 Nxg4 24.Qf4 Nxe3 25.Qxe3 d4 26.Qf2 dxc3 27.Rxc3 Rd6 28.Re1 Rf6
29.Qg1 Bd5 30.Na5 h5 31.Bxa6 Rg6 32.Bf1 h4 33.Rce3 Be6 34.Nc6 Qxb6 35.Nxe7+
Rxe7 36.Bd3 Rg5 37.h3 Qd4 38.Be4 Bxh3 39.Rxh3 Rxe4 40.Qxd4 Rxd4 41.Rb1 Rd2
42.Rh2 Ra2 43.Rxh4 Rxa3 44.b5 Ra7 45.b6 Rb7 46.Rhb4 Rg6 47.Kg1 Kf8 48.Kf2 Ke7
49.Kf3 Rf6+ 50.Ke3 Kd6 51.R4b2 Rf5 52.Kd4 Re5 53.Kc4 Rd5 54.Kc3 Kc6 55.Kc4
Rbd7 56.b7 Rc5+ 57.Kb4 Rxb7+ 58.Ka4 Rc4+ 59.Ka3 Rc3+ 60.Ka4 Rxb2 61.Rxb2 Rg3
62.Rd2 Kc5 63.Rd7 f5 64.Rd2 g6 65.Ra2 Rg4+ 66.Ka5 Kd4 67.Kb5 Rg3 68.Kc6 Ke5
69.Re2+ Kf4 70.Kd5 Re3 71.Ra2 Kg3 72.Kd4 Re6 73.Kd5 Re4 74.Ra6 g5 75.Rf6 Kg4
76.Rh6 Re2 77.Rh2 f4 78.Kd4 Kg3 79.Rh5 g4 {#R} 0-1

[Event "12th American Continental"]
[Site "Medellin COL"]
[Date "2017.06.11"]
[Round "2.43"]
[White "Montenegro,Ju"]
[Black "Valderrama Quiceno,Esteban Alb"]
[Result "0-1"]
[WhiteElo "2146"]
[BlackElo "2413"]

1.e4 c5 2.Nf3 Nc6 3.d3 g6 4.g3 Bg7 5.Bg2 Nf6 6.O-O d5 7.Qe2 Bg4 8.c3 Qd7 9.Re1
O-O 10.Nbd2 e5 11.exd5 Nxd5 12.Nc4 Rfe8 13.a4 Rad8 14.a5 h6 15.Ne3 Nxe3
16.Bxe3 c4 17.Qd2 g5 18.dxc4 Qf5 {#R} 0-1

[Event "10th Mayors Cup Open 2017"]
[Site "Mumbai IND"]
[Date "2017.06.07"]
[Round "6.15"]
[White "Sai,KG"]
[Black "Rahman,SM"]
[Result "1-0"]
[WhiteElo "2339"]
[BlackElo "2260"]

1.e4 c5 2.Nf3 Nc6 3.Nc3 Nf6 4.Bb5 Nd4 5.e5 Nxb5 6.Nxb5 Nd5 7.Qe2 e6 8.d4 a6
9.c4 Nb4 10.Nc3 cxd4 11.Nxd4 d6 12.O-O dxe5 13.Qxe5 Nd3 14.Qe4 Nxc1 15.Raxc1
Be7 16.Nb3 Qc7 17.Rfe1 O-O 18.Nd5 exd5 19.cxd5 Qd8 20.Qxe7 Qxe7 21.Rxe7 Bf5
22.Nd4 Bg6 23.Rcc7 Rfd8 24.Red7 Kf8 25.Rxb7 Rxd7 26.Rxd7 Ke8 27.Rd6 {#r} 1-0

[Event "9th Lublin GM 2017"]
[Site "Lublin POL"]
[Date "2017.06.06"]
[Round "4.3"]
[White "Sergeev,Vl"]
[Black "Llaneza Vega,M"]
[Result "0-1"]
[WhiteElo "2446"]
[BlackElo "2424"]

1.e4 c5 2.Nf3 Nc6 3.g3 g6 4.Bg2 Bg7 5.O-O d6 6.c3 e5 7.a3 Nge7 8.b4 O-O 9.d3
Kh8 10.Be3 b6 11.h3 Qe8 12.Ra2 f5 13.exf5 Nxf5 14.b5 Nce7 15.Bg5 Bb7 16.c4 Qd7
17.Bxe7 Nxe7 18.Qe2 Rf5 19.Nbd2 a6 20.Rb1 axb5 21.Rxb5 Ra6 22.Rab2 Qc7 23.Ne4
Bc6 24.R5b3 Ba4 25.Rc3 d5 26.cxd5 Nxd5 27.Rc4 Bc6 28.Rb3 Qe7 29.h4 Rf8 30.h5
gxh5 31.Nfg5 Be8 32.Nf3 Bd7 33.Nh2 Nf6 34.Nxf6 Rxf6 35.Rh4 Qf7 36.Rc3 Rf5
37.Be4 Rg5 38.d4 Ra4 39.dxc5 bxc5 40.Qd2 Qe7 41.Rd3 Be8 42.Rd8 Bf6 43.Rb8 Rg8
44.Rb7 Bxh4 45.Rxe7 Bxe7 46.Qd5 Bf6 47.Bc2 Rxa3 48.Bb3 Rf8 49.Qxc5 Ra1+ 50.Kg2
Bg7 51.Bd5 Re1 52.Nf3 Re2 53.Qc4 Rb2 54.Be4 Bb5 55.Qc5 Be8 56.Qc3 Ra2 57.Qd3
Ra4 58.Ng5 Ra2 59.Nf3 h4 60.gxh4 Bh5 61.Bd5 Ra4 62.Ng5 Rg4+ 63.Kf1 Bg6 64.Be4
Bxe4 65.Nxe4 Rxh4 66.Ke2 Rhf4 67.Qc2 Bf6 68.Qc6 Bh4 69.Qd5 R8f5 70.Qa8+ Kg7
71.Qb7+ Rf7 72.Qd5 R4f5 73.f3 Rxf3 74.Qxe5+ Kg6 75.Qe6+ Kh5 76.Kd2 Bg5+ 77.Kd1
Rf8 78.Kc2 h6 79.Kd1 Re3 80.Qc6 Rf1+ 81.Kc2 Rc1+ 82.Kxc1 Rc3+ {#R} 0-1